[Event "The Rizla"]
[Site "SchemingMind.com"]
[Date "2011.04.29"]
[Round "-"]
[White "Manuel Angel"]
[Black "kenneth m day"]
[Result "1-0"]
[WhiteCountry "ESP"]
[BlackCountry "USA"]
[WhiteElo "2085"]
[WhiteRD "77"]
[BlackElo "1904"]
[BlackRD "73"]
[GameID "282604"]

1. e4 e6 2. d4 d5 3. Nc3 Nf6 4. e5 Nfd7 5. f4 c5 6. Nf3 a6 7. Be3 Nc6 8. Be2 b5 9. O-O Bb7 10. a3 Be7
11. Qe1 O-O 12. dxc5 Nxc5 13. Qf2 Nd7 14. Nd4 f5 15. Nxe6 Qe8 16. Nxd5 Rc8 17. Nxf8 Qxf8 18. Rad1 Bc5 19. Nf6+ gxf6 20. Rxd7 Bxe3
21. Qxe3 Ba8 22. Bd3 fxe5 23. Qg3+ Kh8 24. Qh4 Qg8 25. Qf6+
1-0

[Event "The Rizla"]
[Site "SchemingMind.com"]
[Date "2011.05.03"]
[Round "-"]
[White "emvarela"]
[Black "kenneth m day"]
[Result "1-0"]
[WhiteCountry "ARG"]
[BlackCountry "USA"]
[WhiteElo "1728"]
[WhiteRD "46"]
[BlackElo "1943"]
[BlackRD "55"]
[GameID "282605"]

1. e4 e6 2. d4 d5 3. Nc3 Nf6 4. Bg5 Be7 5. e5 Nfd7 6. h4 c5 7. Bxe7 Qxe7 8. f4 a6 9. Nf3 Nc6 10. a3 b5
11. Qd2 O-O 12. g4 f6 13. exf6 Nxf6 14. dxc5 Qxc5 15. Bh3 Bd7 16. O-O-O Na5 17. Ne5 Nc4 18. Nxd7 Nxd7 19. Qd4 Qd6 20. g5 Rxf4
21. Qd3 Nc5 22. Qe2 Qe5 23. Qxe5 Nxe5 24. Rhe1 Nf3 25. Bxe6+ Nxe6 26. Rxe6 Nxh4 27. Nxd5 Rf5 28. Ne7+ Kf7 29. Nxf5 Nxf5 30. Rde1 Nd4
31. Rd6 Nf5 32. Rd7+ Kg6 33. Rg1 a5 34. Rd5 b4 35. axb4 axb4 36. Kd2 Nh4 37. Rg4 Nf5 38. Rxb4 Ne7 39. Rb6+ Kh5 40. Rc5 Ng6
41. Rb7 Nf4 42. Rxg7 Ne6 43. Rxh7+ Kg6 44. Rh6+ Kf7 45. Rf5+ Ke7 46. g6 Ng7 47. Rf7+ Ke6 48. Rxg7 Kf6 49. Rgh7
1-0

[Event "The Rizla"]
[Site "SchemingMind.com"]
[Date "2011.04.28"]
[Round "-"]
[White "SittingBull"]
[Black "kenneth m day"]
[Result "0-1"]
[WhiteCountry "CAN"]
[BlackCountry "USA"]
[WhiteElo "1918"]
[WhiteRD "64"]
[BlackElo "1952"]
[BlackRD "77"]
[GameID "282607"]

1. e4 e6 2. d4 d5 3. Nc3 Nf6 4. Bg5 Be7 5. e5 Nfd7 6. h4 a6 7. Bxe7 Qxe7 8. Qg4 O-O 9. O-O-O c5 10. f4 Nc6
11. Nf3 f6 12. h5 cxd4 13. Nxd5 exd5 14. e6 f5 15. Qh3 Nf6 16. Bd3 Ne4
0-1

[Event "The Rizla"]
[Site "SchemingMind.com"]
[Date "2011.04.29"]
[Round "-"]
[White "Gorake"]
[Black "kenneth m day"]
[Result "0-1"]
[WhiteCountry "SWE"]
[BlackCountry "USA"]
[WhiteElo "1587"]
[WhiteRD "80"]
[BlackElo "1946"]
[BlackRD "66"]
[GameID "282608"]

1. f4 d5 2. Nf3 g6 3. e3 Bg7 4. Bd3 Bg4 5. O-O Nf6 6. Be2 c5 7. c3 Nc6 8. d4 cxd4 9. Nxd4 Bxe2 10. Qxe2 O-O
11. Nd2 Rc8 12. N2f3 Ne4 13. Ng5 Nxg5 14. fxg5 e5 15. Nf3 e4 16. Nd4 Qxg5 17. Rf4 Be5 18. Rg4 Qh6 19. Qf2 Qxh2+ 20. Kf1 Qh1+
21. Ke2 Qh5 22. Qh4 Qxh4 23. Rxh4 Rfd8 24. Bd2 Rd6 25. Rah1 h5 26. g4 Bf6 27. R4h2 h4 28. Rh3 Bg5 29. Nb3 Rf6 30. Nc5 Rc7
31. b3 Ne5 32. Na4 Nxg4 33. b4 Nf2 34. Rxh4 Nxh1 35. Rxh1 Kg7 36. Be1 Rc8 37. Nc5 b6 38. Nd7 Rf3 39. Ne5 Rxe3+ 40. Kd1 Re8
41. Nc6 a5 42. bxa5 bxa5 43. Nxa5 Ra8 44. Rg1 Rxe1+ 45. Kxe1 Bh4+ 46. Ke2 Rxa5 47. Rg4 Rxa2+ 48. Ke3 Bf6 49. c4 dxc4 50. Rxe4 c3
51. Kd3 Rd2+ 52. Ke3 Bg5+ 53. Kf3 Ra2 54. Rc4 Bd2 55. Ke2 Bc1+ 56. Kd1 Bb2 57. Kc2 Ra8 58. Kb3 Rf8 59. Kc2 f5 60. Kd3 f4
61. Ke2 g5 62. Kf3 Kg6 63. Kg4 f3 64. Rc6+ Rf6 65. Rxf6+ Kxf6 66. Kxf3 c2
0-1

[Event "The Rizla"]
[Site "SchemingMind.com"]
[Date "2011.04.28"]
[Round "-"]
[White "pclaxton"]
[Black "kenneth m day"]
[Result "0-1"]
[WhiteCountry "ENG"]
[BlackCountry "USA"]
[WhiteElo "1302"]
[WhiteRD "53"]
[BlackElo "1977"]
[BlackRD "79"]
[GameID "282609"]

1. e4 d5 2. Nc3 d4 3. Nce2 e5 4. Nf3 Nc6 5. c3 Nf6 6. cxd4 exd4 7. Qa4 Bd7 8. d3 Bc5 9. b3 Nb4 10. Qa3 Nc2+
11. Kd1 Nxa3 12. Nexd4 Bg4 13. Bxa3 Bxa3 14. h3 Bh5 15. Be2 Bb2 16. Rb1 Bxd4 17. Rf1 Bc3 18. g4 Bg6 19. Rc1 Nxe4 20. h4 h6
21. h5 Bh7 22. Rc2 Ba5 23. a3 Nc3+ 24. Ke1 Nxe2+ 25. Kxe2 Qxd3#
0-1

[Event "The Rizla"]
[Site "SchemingMind.com"]
[Date "2011.04.28"]
[Round "-"]
[White "ampp"]
[Black "kenneth m day"]
[Result "0-1"]
[WhiteCountry "POR"]
[BlackCountry "USA"]
[WhiteElo "1172"]
[WhiteRD "52"]
[BlackElo "1977"]
[BlackRD "79"]
[GameID "282610"]

1. e4 d5 2. exd5 Qxd5 3. Nc3 Qd6 4. Nf3 Nf6 5. d4 a6 6. Be2 Nc6 7. O-O Bf5 8. h3 O-O-O 9. a3 h6 10. Bc4 e6
11. Re1 g5 12. b4 Bg7 13. Bb2 Nxd4 14. Nxd4 Qxd4 15. Qxd4 Rxd4
0-1